[Event "Mittelfrank Regionalliga Nord-Ost 2223"]
[Site "Mittelfranken"]
[Date "2023.04.23"]
[Round "9.5"]
[White "Seregelyes, Csaba"]
[Black "Schmahl, Stephan"]
[Result "1/2-1/2"]
[WhiteElo "1976"]
[BlackElo "1993"]
[PlyCount "86"]
[EventDate "2022.10.09"]
[EventType "team-tourn"]
[EventRounds "9"]
[EventCountry "GER"]
[SourceTitle "EXT 2024"]
[Source "ChessBase"]
[SourceDate "2023.10.10"]
[SourceVersion "1"]
[SourceVersionDate "2023.10.10"]
[SourceQuality "1"]
[WhiteTeam "Herzogenaurach II"]
[BlackTeam "Windischeschenbach"]
[WhiteTeamCountry "GER"]
[BlackTeamCountry "GER"]

1. Nf3 f5 2. c4 Nf6 3. Nc3 g6 4. g3 Bg7 5. Bg2 0-0 6. 0-0 d6 7. d4 c6 8. Qc2 Na6 9. a3 Qe8 10. b4 Nc7 11. Bb2 e5 12. e3 e4 13. Nd2 Be6 14. f3 exf3 15. Bxf3 d5 16. cxd5 Ncxd5 17. Qd3 Rd8 18. e4 Nxc3 19. Bxc3 fxe4 20. Nxe4 Bh3 21. Nxf6+ Bxf6 22. Bg2 Bxg2 23. Kxg2 Qd7 24. Rae1 Qd5+ 25. Qe4 Kg7 26. Qxd5 Rxd5 27. Re6 Rf7 28. Rf4 g5 29. Rfe4 h5 30. h3 Rfd7 31. Kf2 Kf7 32. Ke3 Bxd4+ 33. Bxd4 Rxd4 34. Rh6 Rd3+ 35. Kf2 Rd2+ 36. Re2 R2d6 37. Rxh5 Kg6 38. Rh8 Rf6+ 39. Kg2 Rd3 40. Rg8+ Kh6 41. Re5 Rd2+ 42. Kg1 Rd1+ 43. Kg2 Rd2+ 1/2-1/2

[Event "Mittelfrank Regionalliga Nord-Ost 2122"]
[Site "Mittelfranken"]
[Date "2022.04.03"]
[Round "7.3"]
[White "Erlbeck, Peter"]
[Black "Seregelyes, Csaba"]
[Result "1/2-1/2"]
[WhiteElo "1987"]
[BlackElo "1982"]
[PlyCount "70"]
[EventDate "2021.10.24"]
[EventType "team-tourn"]
[EventRounds "9"]
[EventCountry "GER"]
[SourceTitle "EXT 2024"]
[Source "ChessBase"]
[SourceDate "2023.10.10"]
[SourceVersion "1"]
[SourceVersionDate "2023.10.10"]
[SourceQuality "1"]
[WhiteTeam "Nuernberg Sued SW II"]
[BlackTeam "Herzogenaurach II"]
[WhiteTeamCountry "GER"]
[BlackTeamCountry "GER"]

1. e4 c5 2. Nc3 a6 3. f4 Nc6 4. Nf3 b5 5. d3 e6 6. Be2 Bb7 7. 0-0 d5 8. f5 dxe4 9. fxe6 exf3 10. exf7+ Kxf7 11. Bxf3 Nf6 12. Bd5+ Ke8 13. Bg5 Be7 14. Bxf6 Bxf6 15. Qh5+ Kd7 16. Ne4 Kc7 17. Rxf6 gxf6 18. Nxc5 Qe7 19. Ne6+ Kd6 20. c4 Ne5 21. Qf5 Bc8 22. Bxa8 Bxe6 23. Qe4 Qa7+ 24. c5+ Ke7 25. Bb7 Nxd3 26. b4 f5 27. Qxd3 Qxb7 28. Qd6+ Kf7 29. Re1 Re8 30. Qf4 Bd7 31. Rd1 Re7 32. Qh6 Ke8 33. Qg5 Kf8 34. Qh6+ Ke8 35. Qg5 Kf8 1/2-1/2

[Event "Regionalliga NO 1617"]
[Site "Bayern"]
[Date "2017.01.15"]
[Round "4.3"]
[White "Tong, Kevin"]
[Black "Seregelyes, Csaba"]
[Result "1-0"]
[WhiteElo "2067"]
[BlackElo "1917"]
[PlyCount "65"]
[EventDate "2016.10.16"]
[EventType "team-tourn"]
[EventRounds "9"]
[EventCountry "GER"]
[SourceTitle "EXT 2019"]
[Source "ChessBase"]
[SourceDate "2018.10.10"]
[SourceVersion "1"]
[SourceVersionDate "2018.10.10"]
[SourceQuality "1"]
[WhiteTeam "Erlangen SC II"]
[BlackTeam "Herzogenaurach II"]
[WhiteTeamCountry "GER"]
[BlackTeamCountry "GER"]

1. e4 c5 2. Nf3 Nc6 3. d4 cxd4 4. Nxd4 Nf6 5. Nc3 e5 6. Ndb5 d6 7. Bg5 a6 8. Na3 b5 9. Bxf6 gxf6 10. Nd5 f5 11. Bd3 Be6 12. 0-0 Bg7 13. c3 0-0 14. Qh5 fxe4 15. Bxe4 f5 16. Nf4 exf4 17. Bxc6 Rb8 18. Rfe1 Bf7 19. Qxf5 Bxa2 20. Qd3 Bf7 21. Nc2 Qb6 22. Be4 h6 23. Nb4 a5 24. Nd5 Bxd5 25. Bxd5+ Kh8 26. Re7 Rf6 27. Rae1 Qd8 28. Bc6 Qb6 29. Bd5 Qd8 30. Ra7 Qf8 31. Ree7 Re8 32. Rxe8 Qxe8 33. Ra8 1-0

[Event "Regionalliga NO 1617"]
[Site "Bayern"]
[Date "2016.10.16"]
[Round "1.4"]
[White "Erlbeck, Peter"]
[Black "Seregelyes, Csaba"]
[Result "1/2-1/2"]
[WhiteElo "2019"]
[BlackElo "1917"]
[PlyCount "110"]
[EventDate "2016.10.16"]
[EventType "team-tourn"]
[EventRounds "9"]
[EventCountry "GER"]
[SourceTitle "EXT 2019"]
[Source "ChessBase"]
[SourceDate "2018.10.10"]
[SourceVersion "1"]
[SourceVersionDate "2018.10.10"]
[SourceQuality "1"]
[WhiteTeam "Nuernberg Sued SW II"]
[BlackTeam "Herzogenaurach II"]
[WhiteTeamCountry "GER"]
[BlackTeamCountry "GER"]

1. e4 c6 2. d4 d5 3. exd5 cxd5 4. c4 Nf6 5. Nc3 Nc6 6. Bg5 dxc4 7. Bxc4 h6 8. Bh4 Qxd4 9. Qxd4 Nxd4 10. 0-0-0 e5 11. f4 Bg4 12. Nf3 Bxf3 13. gxf3 Rc8 14. fxe5 Rxc4 15. exf6 Ne6 16. Bg3 gxf6 17. Kb1 Rg8 18. Rhe1 Be7 19. Nd5 Kf8 20. f4 f5 21. Ne3 Rd4 22. Nxf5 Rxd1+ 23. Rxd1 Ke8 24. Nxh6 Rg6 25. Nxf7 Rxg3 26. Nd6+ Bxd6 27. hxg3 Ke7 28. Rh1 Ng7 29. Rh7 Kf7 30. Kc2 b6 31. Kd3 Kg6 32. Rh8 Kf5 33. Ke3 Ne6 34. Rg8 Bc5+ 35. Kd3 a5 36. Kc4 Nd4 37. Rg5+ Ke4 38. Re5+ Kf3 39. f5 Kxg3 40. f6 Kf4 41. Re8 Kf5 42. f7 Ne6 43. Kd5 Nc7+ 44. Kc4 Ne6 45. Rc8 Kf6 46. Rxc5 bxc5 47. f8Q+ Nxf8 48. Kxc5 Ke7 49. Kb5 Kd7 50. Kxa5 Kc7 51. b4 Kb7 52. Kb5 Nd7 53. a4 Nb6 54. a5 Nd5 55. Kc5 Nxb4 1/2-1/2

[Event "Oberliga Bayern 1415"]
[Site "Germany"]
[Date "2014.11.09"]
[Round "2.8"]
[White "Seregelyes, Csaba"]
[Black "Walter, Florian"]
[Result "0-1"]
[WhiteElo "2100"]
[BlackElo "2134"]
[PlyCount "82"]
[EventDate "2014.10.19"]
[EventType "team-tourn"]
[EventRounds "9"]
[EventCountry "GER"]
[SourceTitle "EXT 2016"]
[Source "ChessBase"]
[SourceDate "2015.10.08"]
[SourceVersion "1"]
[SourceVersionDate "2015.10.08"]
[SourceQuality "1"]
[WhiteTeam "Puschendorf"]
[BlackTeam "Nuernberg NT"]
[WhiteTeamCountry "GER"]
[BlackTeamCountry "GER"]

1. e4 c5 2. Nc3 Nc6 3. d3 g6 4. g3 Bg7 5. Bg2 d6 6. Be3 e6 7. Qd2 Rb8 8. a4 a6 9. Nge2 Nd4 10. Nd1 b5 11. axb5 Rxb5 12. Bxd4 cxd4 13. c3 e5 14. Ra4 Ra5 15. Rxa5 Qxa5 16. cxd4 Qxd2+ 17. Kxd2 exd4 18. b4 Ne7 19. Nb2 Nc6 20. Nc4 Ke7 21. Rb1 Be6 22. Na3 Rb8 23. b5 axb5 24. Rxb5 Ra8 25. Rb7+ Kd8 26. Nb5 Ra2+ 27. Ke1 Ra1+ 28. Kd2 Ra2+ 29. Ke1 Ne5 30. Nf4 Bc8 31. Rb6 Ra1+ 32. Kd2 Ra2+ 33. Ke1 Ra1+ 34. Kd2 Ra2+ 35. Ke1 g5 36. Rxd6+ Bd7 37. Bh3 gxf4 38. gxf4 Nxd3+ 39. Kf1 Ra1+ 40. Kg2 Nxf4+ 41. Kg3 Nxh3 0-1

[Event "Oberliga Bayern 1213"]
[Site "Bayern"]
[Date "2012.11.25"]
[Round "3.8"]
[White "Frankenberger, Ralf"]
[Black "Seregelyes, Csaba"]
[Result "1/2-1/2"]
[WhiteElo "1804"]
[BlackElo "2011"]
[PlyCount "43"]
[EventDate "2012.10.14"]
[EventType "team-tourn"]
[EventRounds "9"]
[EventCountry "GER"]
[SourceTitle "EXT 2015"]
[Source "ChessBase"]
[SourceDate "2014.11.20"]
[SourceVersion "1"]
[SourceVersionDate "2014.11.20"]
[SourceQuality "1"]
[WhiteTeam "Obernau"]
[BlackTeam "Puschendorf"]
[WhiteTeamCountry "GER"]
[BlackTeamCountry "GER"]

1. d4 Nf6 2. Nf3 e6 3. e3 b6 4. c4 d5 5. Nc3 Bb7 6. Be2 Nbd7 7. 0-0 Be7 8. b3 0-0 9. Bb2 c5 10. cxd5 Nxd5 11. Nxd5 Bxd5 12. dxc5 Nxc5 13. Rc1 Rc8 14. Ne1 Ne4 15. f3 Rxc1 16. Qxc1 Nc5 17. Nc2 Bf6 18. Rd1 Bxb2 19. Qxb2 Qc7 20. e4 Bb7 21. Ne3 Rd8 22. Rxd8+ 1/2-1/2

[Event "Landesliga Nord 1112"]
[Site "Bayern"]
[Date "2011.10.23"]
[Round "2.8"]
[White "Seregelyes, Csaba"]
[Black "Birkmann, Guenther"]
[Result "1-0"]
[WhiteElo "1991"]
[BlackElo "1960"]
[PlyCount "39"]
[EventDate "2011.10.02"]
[EventType "team-tourn"]
[EventRounds "9"]
[EventCountry "GER"]
[SourceTitle "EXT 2013"]
[Source "ChessBase"]
[SourceDate "2012.11.22"]
[SourceVersion "1"]
[SourceVersionDate "2012.11.22"]
[SourceQuality "1"]
[WhiteTeam "Puschendorf"]
[BlackTeam "Zirndorf"]
[WhiteTeamCountry "GER"]
[BlackTeamCountry "GER"]

1. d4 g6 2. e4 Bg7 3. Nc3 c6 4. Be3 d5 5. f3 Nf6 6. Qd2 dxe4 7. fxe4 Ng4 8. 0-0-0 Nxe3 9. Qxe3 Qb6 10. e5 Bf5 11. h3 h5 12. Nf3 Bh6 13. Ng5 f6 14. exf6 Bxg5 15. Qxg5 e6 16. Bc4 h4 17. Bxe6 Bxe6 18. Qxg6+ Kd8 19. f7 Kd7 20. Qg7 1-0

[Event "Oberliga Bayern 1011"]
[Site "Germany"]
[Date "2011.02.06"]
[Round "6.6"]
[White "Giss, Arthur"]
[Black "Seregelyes, Csaba"]
[Result "1-0"]
[WhiteElo "2038"]
[BlackElo "1991"]
[PlyCount "76"]
[EventDate "2010.10.10"]
[EventType "team-tourn"]
[EventRounds "9"]
[EventCountry "GER"]
[SourceTitle "EXT 2012"]
[Source "ChessBase"]
[SourceDate "2011.11.24"]
[SourceVersion "1"]
[SourceVersionDate "2011.11.24"]
[SourceQuality "1"]
[WhiteTeam "Dillingen"]
[BlackTeam "Puschendorf"]
[WhiteTeamCountry "GER"]
[BlackTeamCountry "GER"]

1. e4 c5 2. Nc3 Nc6 3. g3 g6 4. Bg2 Bg7 5. d3 d6 6. f4 e6 7. Nf3 Nge7 8. 0-0 0-0 9. Be3 Nd4 10. Bf2 Nec6 11. Nxd4 Bxd4 12. Qd2 Rb8 13. Rab1 Qa5 14. a3 Bd7 15. h3 b5 16. Kh2 b4 17. axb4 Qxb4 18. Be1 Bg7 19. f5 exf5 20. exf5 gxf5 21. Qg5 Qb6 22. Nd5 Qd8 23. Qh5 Ne7 24. Ba5 Qxa5 25. Nxe7+ Kh8 26. Nxf5 Bxf5 27. Qxf5 Qd2 28. Rf4 Be5 29. Rh4 h6 30. Rf1 Rg8 31. Rg4 Rxg4 32. hxg4 Rg8 33. Kh3 Qg5 34. Qxg5 hxg5 35. Rxf7 Rg7 36. Rf8+ Kh7 37. Be4+ Rg6 38. Rf7+ Kg8 1-0

[Event "Landesliga Nord 0910"]
[Site "Bayern"]
[Date "2010.04.11"]
[Round "9.6"]
[White "Frieser, Klaus"]
[Black "Seregelyes, Csaba"]
[Result "1/2-1/2"]
[WhiteElo "2085"]
[BlackElo "2021"]
[PlyCount "81"]
[EventDate "2009.10.18"]
[EventType "team-tourn"]
[EventRounds "9"]
[EventCountry "GER"]
[SourceTitle "EXT 2011"]
[Source "ChessBase"]
[SourceDate "2010.11.26"]
[SourceVersion "1"]
[SourceVersionDate "2010.11.26"]
[SourceQuality "1"]
[WhiteTeam "Kelheim"]
[BlackTeam "Puschendorf"]
[WhiteTeamCountry "GER"]
[BlackTeamCountry "GER"]

1. d4 d5 2. Nf3 Nf6 3. c4 e6 4. Nc3 Be7 5. e3 0-0 6. Bd3 dxc4 7. Bxc4 a6 8. 0-0 b5 9. Bd3 Bb7 10. a3 c5 11. dxc5 Bxc5 12. b4 Bd6 13. Bb2 Qe7 14. Qe2 Nbd7 15. Rfd1 Rac8 16. Rac1 Nb6 17. Nd2 Rfd8 18. Nce4 Nxe4 19. Bxe4 Bxe4 20. Rxc8 Rxc8 21. Nxe4 Bxh2+ 22. Kf1 Qh4 23. Qf3 Nc4 24. Rd7 Rf8 25. Bc3 Be5 26. g3 Qh3+ 27. Qg2 Qxg2+ 28. Kxg2 Bxc3 29. Nxc3 Ra8 30. a4 Nb6 31. Rd1 bxa4 32. Ra1 Kf8 33. Nxa4 Nxa4 34. Rxa4 Ke7 35. b5 a5 36. b6 Rb8 37. Rxa5 Rxb6 38. Ra4 h5 39. Rf4 g5 40. Ra4 Kf6 41. Rc4 1/2-1/2

[Event "Landesliga Nord 0809"]
[Site "Bayern"]
[Date "2009.02.01"]
[Round "6.6"]
[White "Seregelyes, Csaba"]
[Black "Sargin, Anatol"]
[Result "1/2-1/2"]
[WhiteElo "2056"]
[BlackElo "2112"]
[PlyCount "78"]
[EventDate "2008.10.05"]
[EventType "team-tourn"]
[EventRounds "9"]
[EventCountry "GER"]
[SourceTitle "EXT 2020"]
[Source "ChessBase"]
[SourceDate "2019.10.17"]
[SourceVersion "1"]
[SourceVersionDate "2019.10.17"]
[SourceQuality "1"]
[WhiteTeam "Puschendorf"]
[BlackTeam "Nuernberg NT II"]
[WhiteTeamCountry "GER"]
[BlackTeamCountry "GER"]

1. d4 d5 2. Nf3 e6 3. c4 f5 4. Nc3 Nf6 5. Bf4 c6 6. e3 Be7 7. Bd3 0-0 8. Qc2 Ne4 9. g4 Na6 10. a3 Qa5 11. Ke2 Nd6 12. b4 Qd8 13. cxd5 exd5 14. Bxd6 Bxd6 15. gxf5 Qf6 16. Rag1 Bxb4 17. Nxd5 cxd5 18. Qb3 Bxf5 19. Qxd5+ Be6 20. Qh5 Qxf3+ 21. Qxf3 Rxf3 22. Kxf3 Bxa3 23. e4 Nb4 24. Be2 Nc2 25. Rd1 Rf8+ 26. Kg3 Bd6+ 27. Kg2 a5 28. Rd2 Nb4 29. Ra1 b6 30. e5 Bd5+ 31. Kg3 Be7 32. f4 g5 33. Rf1 gxf4+ 34. Rxf4 Rxf4 35. Kxf4 Kf7 36. Bh5+ Ke6 37. Bg4+ Kf7 38. Bh5+ Ke6 39. Bg4+ Kf7 1/2-1/2

[Event "Landesliga Nord 0809"]
[Site "Bayern"]
[Date "2008.11.30"]
[Round "3.6"]
[White "Seregelyes, Csaba"]
[Black "Maurer, Heinrich"]
[Result "1-0"]
[WhiteElo "2056"]
[BlackElo "2063"]
[PlyCount "123"]
[EventDate "2008.10.05"]
[EventType "team-tourn"]
[EventRounds "9"]
[EventCountry "GER"]
[SourceTitle "EXT 2020"]
[Source "ChessBase"]
[SourceDate "2019.10.17"]
[SourceVersion "1"]
[SourceVersionDate "2019.10.17"]
[SourceQuality "1"]
[WhiteTeam "Puschendorf"]
[BlackTeam "Kelheim"]
[WhiteTeamCountry "GER"]
[BlackTeamCountry "GER"]

1. e4 c5 2. Nc3 Nc6 3. g3 d6 4. Bg2 e5 5. d3 Nf6 6. Nge2 Bg4 7. h3 Be6 8. f4 g6 9. g4 exf4 10. Bxf4 Bg7 11. 0-0 0-0 12. Qd2 Ne8 13. Bh6 Nd4 14. Bxg7 Nxe2+ 15. Nxe2 Nxg7 16. Nf4 Qh4 17. Qf2 Qxf2+ 18. Rxf2 g5 19. Ne2 h5 20. Bf3 h4 21. c4 f6 22. Nc3 Rad8 23. a3 Ne8 24. Raf1 Kg7 25. Bd1 Nc7 26. Bc2 b6 27. e5 fxe5 28. Rxf8 Rxf8 29. Rxf8 Kxf8 30. Ne4 Ke7 31. Nxg5 d5 32. b3 e4 33. dxe4 dxe4 34. Nxe4 Bd7 35. Kf2 Ne6 36. Ke3 Nd4 37. Bd1 Kf7 38. Kf4 Kg6 39. Nd6 Bc6 40. Nf5 Nxf5 41. gxf5+ Kf6 42. Bc2 b5 43. Kg4 a5 44. Kxh4 a4 45. cxb5 axb3 46. Bxb3 Bxb5 47. Kg4 Bd3 48. Be6 c4 49. Kf4 c3 50. Ke3 Bf1 51. h4 Bb5 52. Bc8 Bc4 53. Bd7 Ba6 54. a4 Bc4 55. Bb5 Bb3 56. a5 Kxf5 57. a6 Bd5 58. Kd3 Kg4 59. Kxc3 Kxh4 60. Kd4 Bf3 61. Kc5 Kg5 62. Bc6 1-0

[Event "Landesliga Nord 0809"]
[Site "Bayern"]
[Date "2008.10.05"]
[Round "1.5"]
[White "Wiemer, Peter"]
[Black "Seregelyes, Csaba"]
[Result "1-0"]
[WhiteElo "2089"]
[BlackElo "2056"]
[PlyCount "91"]
[EventDate "2008.10.05"]
[EventType "team-tourn"]
[EventRounds "9"]
[EventCountry "GER"]
[SourceTitle "EXT 2020"]
[Source "ChessBase"]
[SourceDate "2019.10.17"]
[SourceVersion "1"]
[SourceVersionDate "2019.10.17"]
[SourceQuality "1"]
[WhiteTeam "Zirndorf"]
[BlackTeam "Puschendorf"]
[WhiteTeamCountry "GER"]
[BlackTeamCountry "GER"]

1. e4 c5 2. Nf3 Nc6 3. c3 Nf6 4. e5 Nd5 5. d4 cxd4 6. Bc4 Nb6 7. Bb3 d5 8. exd6 Qxd6 9. 0-0 e6 10. Qe2 Be7 11. Rd1 0-0 12. Nxd4 Nxd4 13. Rxd4 Qc6 14. Nd2 e5 15. Re4 Bf6 16. Qf3 Bd7 17. Nf1 Qc7 18. Qg3 Bf5 19. Re1 Qe7 20. Ne3 Be6 21. Ng4 Bxb3 22. axb3 Nd7 23. Be3 Bh4 24. Nh6+ Kh8 25. Nf5 Bxg3 26. Nxe7 Bh4 27. Nf5 Bd8 28. Rad1 Nf6 29. Bc5 Re8 30. Nd6 Re7 31. Nc4 Re6 32. Rxe5 Bc7 33. Rxe6 fxe6 34. f3 Kg8 35. g3 b6 36. Bd6 Rd8 37. Rd2 Ne8 38. Bxc7 Rxd2 39. Nxd2 Nxc7 40. Ne4 Kf8 41. Kf2 e5 42. Nd6 b5 43. Ke3 Ke7 44. Nc8+ Ke6 45. Nxa7 Kd5 46. Nxb5 1-0

[Event "Landesliga Nord 0708"]
[Site "Bayern"]
[Date "2008.03.09"]
[Round "7.6"]
[White "Siegert, Wolfgang"]
[Black "Seregelyes, Csaba"]
[Result "0-1"]
[WhiteElo "1931"]
[BlackElo "2026"]
[PlyCount "58"]
[EventDate "2007.10.21"]
[EventType "team-tourn"]
[EventRounds "9"]
[EventCountry "GER"]
[SourceTitle "EXT 2009"]
[Source "ChessBase"]
[SourceDate "2008.11.26"]
[SourceVersion "1"]
[SourceVersionDate "2008.11.26"]
[SourceQuality "1"]
[WhiteTeam "Kulmbach"]
[BlackTeam "Puschendorf"]
[WhiteTeamCountry "GER"]
[BlackTeamCountry "GER"]

1. g3 d5 2. Bg2 Nf6 3. d3 c5 4. Nf3 Nc6 5. 0-0 Bg4 6. c4 e6 7. Bg5 Be7 8. Qa4 0-0 9. cxd5 Bxf3 10. dxc6 Bxg2 11. Kxg2 Qd5+ 12. e4 Qxg5 13. cxb7 Rab8 14. Qxa7 Qe5 15. Nc3 Qc7 16. Nb5 Qc6 17. a4 Rxb7 18. Qa5 Rd7 19. Ra3 Rfd8 20. f3 c4 21. dxc4 Bxa3 22. Nxa3 Nxe4 23. Qb5 Rd2+ 24. Kh3 Nf2+ 25. Kg2 Nd3+ 26. Kh3 Qd6 27. Rb1 f5 28. b4 Nf4+ 29. gxf4 Qxf4 0-1